| 000 | 02615cam a2200601Ii 4500 | ||
|---|---|---|---|
| 001 | sjds834726 | ||
| 003 | sjds | ||
| 005 | 20161014132538.0 | ||
| 008 | 160423s2016 flua c 000 0aspa d | ||
| 020 | _a9781631137457 (paperback) | ||
| 020 | _a163113745X (paperback) | ||
| 035 | _a(OCoLC)947817251 | ||
| 035 | _a824351 | ||
| 035 | _a(OCoLC)ocn947817251 | ||
| 035 | _a824351 | ||
| 040 |
_aBTCTA _beng _erda _cBTCTA _dFOLLT _dOCLCO _dIFA |
||
| 041 | 1 |
_aspa _heng |
|
| 043 | _anwcu--- | ||
| 049 | _aIFAA | ||
| 099 |
_a92 _f2016 |
||
| 999 |
_c16308 _d16308 |
||
| 999 | _bCHILDREN ESPANOL 92 ADA 2016 | ||
| 100 | 1 |
_aAda, Alma Flor, _eauthor. |
|
| 240 | 1 | 0 |
_aMemoirs. _kSelections. _lSpanish |
| 242 | 0 | 0 |
_aIsland treasures : _bgrowing up in Cuba. _yeng |
| 245 | 0 | 0 |
_aTesoros de mi isla : _buna infancia Cubana : incluye los libros Allá donde florecen los framboyanes, Bajo las palmas reales (ganador del Premio Pura Belpré), y la nueva colección de relatos, Días en la Quinta Simoni / _cAlma Flor Ada ; ilustraciones de Edel Rodríguez y Antonio Martorell. |
| 260 |
_aMiami, FL : _bLoqueleo, _c[2016] |
||
| 264 | 1 |
_aMiami, FL : _bLoqueleo, _c[2016] |
|
| 300 |
_a225 pages : _billustrations ; _c22 cm |
||
| 336 |
_atext _2rdacontent |
||
| 337 |
_aunmediated _2rdamedia |
||
| 338 |
_avolume _2rdacarrier |
||
| 500 | _aTranslated from the English. | ||
| 505 | 0 | 0 |
_tAllá donde florecen los framboyanes -- _tDías en la Quinta Simoni -- _tBajo las palmas reales. |
| 546 | _aText in Spanish. | ||
| 600 | 1 | 0 |
_aAda, Alma Flor _xChildhood and youth _vJuvenile literature. |
| 600 | 1 | 0 |
_aAda, Alma Flor _xHomes and haunts _zCuba _vJuvenile literature. |
| 600 | 1 | 7 |
_aAda, Alma Flor _xNinez y juventud _vLiteratura juvenil. _2bidex |
| 650 | 0 |
_aAuthors, American _y20th century _vBiography _vJuvenile literature. |
|
| 650 | 0 |
_aAuthors, Cuban _y20th century _vBiography _vJuvenile literature. |
|
| 650 | 0 |
_aCuban American women _vBiography _vJuvenile literature. |
|
| 650 | 0 |
_aFamilies _zCuba _vJuvenile literature. |
|
| 650 | 7 |
_aAutores estadounidenses _ySiglo XX _vBiografia. _2bidex |
|
| 650 | 7 |
_aAutores,Cubana _ySiglo XX _vBiografia. _2bidex |
|
| 650 | 7 |
_aFamilias _zCuba _vLiteratura juvenil. _2bidex |
|
| 650 | 0 |
_aAutobiographies _vJuvenile literature. |
|
| 651 | 0 |
_aCuba _xSocial life and customs _vJuvenile literature. |
|
| 651 | 0 |
_aCuba _xIntellectual life _vJuvenile literature. |
|
| 651 | 7 |
_aCuba _xVida social y costumbres _vLiteratura juvenil. _2bidex |
|
| 651 | 7 |
_aCuba _xVida intelectual _vLiteratura juvenil. _2bidex |
|
| 700 | 1 |
_aRodriguez, Edel, _eillustrator. |
|
| 700 | 1 |
_aMartorell, Antonio, _d1939- _eillustrator. |
|
| 942 | _cBK | ||